000 02328cam a22003495i 4500
999 _c27726
_d27697
001 19568362
003 EG-ScBUE
005 20191103135251.0
008 170323s2017 enkb f b 001 0 eng d
020 _a9780415814270 (pbk.)
040 _aDLC
_beng
_erda
_cDLC
_dDLC
_dEG-ScBUE
043 _aaw-----
082 0 4 _a341.2477
_bWOR
_222
100 1 _aWorrall, James,
_eauthor.
245 1 0 _aInternational institutions of the Middle East :
_bthe GCC, Arab League, and Arab Maghreb Union /
_cJames Worrall.
264 1 _aLondon ;
_aNew York :
_bRoutledge / Taylor & Francis Group,
_c2017.
300 _axiii, 191 pages ;
_c23 cm.
336 _atext
_btxt
_2rdacontent
337 _aunmediated
_bn
_2rdamedia
338 _avolume
_bnc
_2rdacarrier
490 0 _aGlobal institutions series
504 _aIncludes bibliographical references and index.
520 _a"This volume...[provides an overview of] the major regional international organizations of the Middle East. Analysing the Arab League, the Gulf Cooperation Council, and the Arab-Maghreb Union..., it explores their successes and failures across their full range of activities (economic, social, and political), while contextualising the reasons why many consider that these organizations have stalled. The book: assesses the reasons why IOs in the Middle East are under-developed relative to neighbouring regional organizations; explores their history, evolution, and structure, while considering the successes and failures of each IO; analyses the reasons for the specific difficulties faced by each organization through the context of intra-regional relations; develops a new framework for analysing the forces that have shaped these bodies and challenges the existing narrative that largely ignores the achievements and prospects of the organizations; and considers the likely impact of the Arab Spring upon the future development of these frequently overlooked regional international organizations."
610 2 7 _aLeague of Arab States.
_2BUEsh
610 2 7 _aGulf Cooperation Council.
_2BUEsh
_934759
610 2 7 _aArab Maghreb Union.
_2BUEsh
650 7 _aInternational agencies
_zMiddle East.
_2BUEsh
651 7 _aMiddle East
_xPolitics and government
_y21st century.
_2BUEsh
653 _bBUSBOL
_cNovember2019
655 _vReading book
942 _2ddc
_cBB